Zufällige Länder 7# - Statistiken

Allgemein
  • Dieses Quiz wurde 78 mal gespielt
  • Das Durchschnittsergebnis liegt bei 13 aus 15
Antworten auf der Karte
Die Antworten werden auf der Karte rot bzw. grün angezeigt, abhängig davon wie oft sie richtig erraten wurden.
 
Antwortstatistiken
Antwort % Korrekt
Finnland
100%
Chile
94%
Serbien
94%
Malediven
91%
Demokratische Republik Kongo
87%
Iran
87%
Kuba
87%
Libyen
87%
Portugal
85%
Dänemark
83%
Lesotho
83%
Lettland
79%
Syrien
79%
Nicaragua
75%
Kenia
72%
Keine übereinstimmenden Quizze gefunden
Verteilung der Resultate
Anzahl Personen mit jedem Resultat
Perzentil nach korrekt beantworteten Fragen
Ihre Resultats-Entwicklung
Sie haben dieses Quiz noch nicht gespielt